Animal life at low temperature /

Bibliographic Details
Main Author: Davenport, J. (John), 1946-
Format: Book
Language:English
Published: London ; New York : Chapman & Hall, 1992.
Edition:1st ed.
Subjects:

MARC

Tag First Indicator Second Indicator Subfields
LEADER 00000cam a2200000 a 4500
001 in00001078607
005 20150929105442.0
008 910702s1992 enka b 001 0 eng
010 |a  91027392  
020 |a 0412403501 (alk. paper) 
035 |a (OCoLC)24142240 
035 |9 AFQ0979AM 
040 |a DLC  |c DLC  |d AGL  |d TXA  |d UtOrBLW 
049 |a TXAM 
050 0 0 |a QH653  |b .D38 1991 
070 0 |a QH653.D38  |b 1991 
072 0 |a M310 
082 0 0 |a 591.19/167  |2 20 
100 1 |a Davenport, J.  |q (John),  |d 1946- 
245 1 0 |a Animal life at low temperature /  |c John Davenport. 
250 |a 1st ed. 
264 1 |a London ;  |a New York :  |b Chapman & Hall,  |c 1992. 
300 |a xi, 246 pages :  |b illustrations ;  |c 24 cm. 
336 |a text  |b txt  |2 rdacontent 
337 |a unmediated  |b n  |2 rdamedia 
338 |a volume  |b nc  |2 rdacarrier 
504 |a Includes bibliographical references (pages [220]-239) and index. 
650 0 |a Cryobiology. 
999 |a MARS 
999 f f |s e6aa7955-a9c0-36c2-ab13-f8e15e0fc717  |i 194cd2ca-fe90-3ce7-b354-f3ca61fbe3dd  |t 0 
952 f f |p normal  |a Texas A&M University  |b College Station  |c Sterling C. Evans Library  |d Evans: Library Stacks  |t 0  |e QH653 .D38 1991  |h Library of Congress classification  |i unmediated -- volume  |m A14816036278 
998 f f |a QH653 .D38 1991  |t 0  |l Evans: Library Stacks